El hombre de cincuenta años

Guardat en:
Dades bibliogràfiques
Autor principal: Goethe, Johann Wolfgang von, 1749-1832 (autor)
Format: Llibre
Idioma:espanyol
Publicat: Barcelona Alba 2002
Edició:1a. ed
Col·lecció:Clásica, 56
Matèries:
Etiquetes: Afegir etiqueta
Sense etiquetes, Sigues el primer a etiquetar aquest registre!

MARC

LEADER 00000cam a2200000 a 4500
001 UCF1768
003 CL-VaPUC
008 120723e20020200SP |||||||||||||||||spa|d
020 |a 8484281272 
082 0 4 |a 838  |b GOE  |2 21 
100 |a Goethe, Johann Wolfgang von,  |d 1749-1832  |e autor  |9 265453 
245 1 3 |a El hombre de cincuenta años 
246 1 3 |a La elegía de Marienbad 
246 1 0 |a Crónica de un amor de senectud 
250 |a 1a. ed 
300 |a 220 p 
942 |c BK 
945 |d 20120723 00:00:00  |a dcastane 
260 |a Barcelona  |b Alba  |c 2002 
650 0 |a Novelas alemanas   |9 265783 
650 0 |a Literatura alemana   |9 265457 
650 7 |a POESIAS ALEMANAS  |2 CL-VaPUC  |9 563261 
583 |a last modification  |c 20120723 10:17:00  |k Rodrigo Vera 
490 0 |a Clásica, 56 
999 |c 348456  |d 348454 
952 |0 0  |1 0  |4 0  |6 838_000000000000000_GOE_2002  |7 0  |8 A  |9 450465  |a BIBING  |b BIBING  |d 2019-11-22  |i 4883802  |o 838 GOE 2002  |p 4883802  |r 2025-01-20  |w 2019-11-22  |y BK  |k CUI